| 000 | 00000nam##2200000za#4500 |
| 001 | 9.695400 |
| 003 | CaOODSP |
| 005 | 20210624234547 |
| 007 | cr ||||||||||| |
| 008 | 150407|1994||||xxc|||||o f|0| 0 eng|d |
| 040 | |aCaOODSP|beng |
| 043 | |an-cn--- |
| 086 | 1 |aH46-3/4-1994E-PDF |
| 110 | 1 |aCanada. |bHealth Canada. |
| 245 | 10|aArt teacher, be aware : |h[electronic resource]|ba booklet about the safe use of arts and crafts materials, for elementary school teachers |
| 260 | |aOttawa - Ontario : |bHealth Canada |c1994. |
| 300 | |a25p.|breferences, table |
| 500 | |a"This booklet is intended for art teachers working with grades one to eight; it describes what is known about the possible risks associated with some arts materials, and how such risks can be minimised."--Introduction, p.5 of 25. |
| 500 | |aThe catalogue number (H46-3/4-1994E) and ISBN (0-660-15435-8) for the print edition have been incorrectly copied in this electronic publication. |
| 520 | 3 |aElementary school teachers need to know how to handle arts materials safely. From simple drawing and painting techniques to "advanced methods" such as sculpture using plastic resins and colour photoprocessing, children's health is at risk. Learn about health hazards, precautions and preventive measures and which techniques and materials can be safely used in an arts course for children. Tables. |
| 590 | |a12-15-Supp|b2012-04-13 |
| 690 | 07|aArts|2gcpds |
| 690 | 07|aSafety measures|2gcpds |
| 775 | 08|tEnseignants en art, sachez-- : |w(CaOODSP)9.639539 |
| 776 | 0#|tArt teacher be aware : |w(CaOODSP)9.645569 |
| 856 | 40|ahttp://publications.gc.ca|qPDF|s623 KB|uhttps://publications.gc.ca/collections/Collection/H46-3-4-1994E.pdf |
| 986 | |a94-EHD-183 |